000
00288nam a22001217a 4500
008
170905b xxu||||| |||| 00| 0 eng d
041
_a
alb
080
_a
82
100
_a
20
101
_a
GJL
245
_a
PROVERBA TË SHQIPES DHE TË GJUHËS NEOLATINE
_c
RAMADANI.R,H
942
_2
udc
_c
BK
999
_c
26130
_d
26130